Countries With the Word "it" in Their Names - Statistics

General Stats
  • This quiz has been taken 86 times
  • The average score is 10 of 13
Answer Stats
Continent Country % Correct
Europe Italy
97%
Europe Lithuania
87%
North America United Statesof America
87%
Europe UnitedKingdom
86%
North America Haiti
81%
North America Saint Kittsand Nevis
81%
Europe Switzerland
78%
Asia United ArabEmirates
75%
Africa Mauritius
74%
Africa Mauritania
72%
Europe Vatican City
71%
Africa Eritrea
70%
Asia Kuwait
61%
No matching quizzes found
Score Distribution
Percent of People with Each Score
Percentile by Number Answered
Your Score History
You have not taken this quiz